000 00895cam a2200229 a 4500
001 000007178
005 20200929154104.0
008 900604s1989 sp b 001 0 spa
020 _a8478200355
040 _aDO-SdBNP
_bspa
_cBNPHU
082 _a920
_bF954b
100 1 _aFuentes, Víctor,
_d1933-
_919932
245 1 0 _aBenjamín Jarnés, biografía y metaficción /
_cVíctor Fuentes.
260 _aZaragoza, España :
_bInstitución Fernando el Católico,
_c1989.
300 _a149 p. ;
_c22 cm.
490 1 _aPublicación de la Institución Fernando el Católico
_v1193
500 _aI centenario del nacimiento de Benjamín Jarnés.
504 _aBibliografía : p. 143-147
600 1 4 _aJARNÉS, BENJAMÍN,
_d1888-1950
_xCRÍTICA E INTERPRTACIÓN
_919933
600 1 4 _aJARNÉS, BENJAMÍN
_xBIOGRAFÍA
_919934
830 0 _aPublicación de la Institución Fernando el Católico ;
_v1193
_914666
999 _c6959
_d6959